Animals Found in Pennsylvania- Sudden Death - Statistics

General Stats
  • This quiz has been taken 55 times
  • The average score is 6 of 18
Answers on the Grid
Answers color-coded by a green-red scale on the quiz's grid according to % correct below.
Cougar
Bobcat
Coyote
Wild Turkey
Brown Bear
Jaguar
White-tailed Deer
American Alligator
Moose
Elk
Bald Eagle
American Bison
Red-tailed Hawk
Great Blue Heron
Lion
African Bush Elephant
Great Egret
Mule Deer
Black-footed Ferret
Red Fox
Common Raccoon
Striped Skunk
Eastern Grey Squirrel
Western Grey Squirrel
Brown Rat
House Finch
House Sparrow
Grey Heron
Green Heron
Red Deer
Western Roe Deer
Timber Rattlesnake
 
Answer Stats
Answer % Correct
Wild Turkey
60%
Red Fox
57%
White-tailed Deer
50%
Bald Eagle
47%
Bobcat
47%
Common Raccoon
43%
Coyote
43%
Eastern Grey Squirrel
30%
Striped Skunk
30%
Brown Rat
27%
Great Blue Heron
27%
Elk
23%
House Sparrow
23%
Red-tailed Hawk
20%
Timber Rattlesnake
17%
Green Heron
13%
House Finch
13%
Great Egret
10%
No matching quizzes found
Score Distribution
Percent of People with Each Score
Percentile by Number Answered
Your Score History
You have not taken this quiz